《高阻再见》歌词填空 - Statistics

General Stats
  • This quiz has been taken 4 times
  • The average score is 17 of 24
Answer Stats
歌词 填空 % Correct
那一天早晨,__________ 从梦中醒来
100%
啊____再见吧再见吧再见吧 高阻
75%
这个消息,__________ 传遍了南北
75%
又盼到_____ 腾飞的年华
75%
啊________,快带他走吧 历史车轮
75%
啊____再见吧再见吧再见吧 高阻
75%
历史篇章,__________ 快翻过这页
75%
这五年留下________ 多少伤疤
75%
啊________,就快要散去 五年阴霾
75%
啊____再见吧再见吧再见吧 高阻
75%
五年光阴,___________ 降速又降标
75%
到今天我________ 泪如雨下
75%
这一天终于,__________ 来到了眼前
75%
啊____再见吧再见吧再见吧 高阻
75%
我们憧憬,__________ 未来的时光
75%
要点燃__________ 美丽的烟花
75%
啊期待未来,__________ 提速再出发
75%
啊____再见吧再见吧再见吧 高阻
75%
期待未来,__________ 提速再出发
75%
是我们心中________ 最美丽的画
50%
期待未来,__________ 再提速出发
50%
是我们心中________ 最美的画
50%
壮美钢龙,__________ 穿梭在神州
50%
____终于再见了 高阻
50%
No matching quizzes found
Score Distribution
Percent of People with Each Score
Percentile by Number Answered
Your Score History
You have not taken this quiz